[Event "Belgrade-chT2 Quality"]
[Site "Belgrade"]
[Date "2022.10.29"]
[Round "6.4"]
[White "Postic, Dragisa"]
[Black "Poledica, Nenad"]
[Result "1/2-1/2"]
[WhiteElo "2267"]
[BlackElo "1972"]
[PlyCount "99"]
[EventDate "2022.10.15"]
[EventType "team-tourn"]
[EventRounds "13"]
[EventCountry "SRB"]
[SourceTitle "EXT 2024"]
[Source "ChessBase"]
[SourceDate "2023.10.10"]
[SourceVersion "1"]
[SourceVersionDate "2023.10.10"]
[SourceQuality "1"]
[WhiteTeam "Belgrade Polet"]
[BlackTeam "Batajnica"]
[WhiteTeamCountry "SRB"]
[BlackTeamCountry "SRB"]

1. e4 e5 2. Nf3 Nc6 3. Bc4 Bc5 4. d3 Nf6 5. c3 d6 6. b4 Bb6 7. 0-0 h6 8. Nbd2 0-0 9. Bb3 a6 10. a4 Qe7 11. Nc4 Ba7 12. b5 axb5 13. axb5 Bxf2+ 14. Rxf2 Rxa1 15. bxc6 bxc6 16. Ra2 Rxa2 17. Bxa2 Be6 18. Qa4 c5 19. Ne3 Qd7 20. Qxd7 Bxd7 21. Nd5 Nxd5 22. Bxd5 Bb5 23. Ne1 c6 24. Bb3 Ra8 25. Kf2 Ra1 26. Bd2 Kf8 27. Ke3 Ra3 28. Bc4 Bxc4 29. dxc4 h5 30. h3 Ke7 31. g4 hxg4 32. hxg4 g6 33. Kd3 f6 34. Nc2 Ra4 35. Ne3 g5 36. Bc1 Ke6 37. Bd2 Ra1 38. Ke2 Rh1 39. Kd3 Rg1 40. Ke2 Kd7 41. Kf2 Ra1 42. Ke2 Kc7 43. Nc2 Rh1 44. Ne3 Rh2+ 45. Kd3 Kd7 46. Bc1 Ke6 47. Bd2 Rh3 48. Ke2 Rh2+ 49. Kd3 Rh3 50. Ke2 1/2-1/2

[Event "Belgrade-chT2 Quality"]
[Site "Belgrade"]
[Date "2022.10.15"]
[Round "1.4"]
[White "Djurovac, Zeljko"]
[Black "Postic, Dragisa"]
[Result "0-1"]
[WhiteElo "1973"]
[BlackElo "2267"]
[PlyCount "138"]
[EventDate "2022.10.15"]
[EventType "team-tourn"]
[EventRounds "13"]
[EventCountry "SRB"]
[SourceTitle "EXT 2024"]
[Source "ChessBase"]
[SourceDate "2023.10.10"]
[SourceVersion "1"]
[SourceVersionDate "2023.10.10"]
[SourceQuality "1"]
[WhiteTeam "Lazarevac Kolubara"]
[BlackTeam "Belgrade Polet"]
[WhiteTeamCountry "SRB"]
[BlackTeamCountry "SRB"]

1. Nf3 c5 2. d4 cxd4 3. Nxd4 Nf6 4. c4 e6 5. e3 d5 6. cxd5 exd5 7. Bb5+ Bd7 8. Bxd7+ Qxd7 9. 0-0 Nc6 10. Nc3 Bd6 11. Ncb5 Bb8 12. Qf3 a6 13. Nxc6 bxc6 14. Nd4 0-0 15. Nf5 Be5 16. Rb1 Ne4 17. Rd1 Rfe8 18. Bd2 Qe6 19. Ng3 c5 20. Nxe4 dxe4 21. Qe2 Qxa2 22. Be1 Red8 23. Rdc1 Rab8 24. Qc4 Qxc4 25. Rxc4 Rxb2 26. Rxb2 Bxb2 27. Rxc5 f5 28. Kf1 g6 29. Rc7 Be5 30. Ra7 Rd6 31. g3 Rc6 32. Ba5 h5 33. h4 Kf8 34. Bb4+ Bd6 35. Ba5 Ke8 36. Ke2 Bc5 37. Rb7 Rd6 38. Rg7 Bb6 39. Bb4 Re6 40. Kd2 Rc6 41. Rb7 Bc7 42. Bc3 Kd7 43. Ra7 Ke6 44. Rb7 Kd5 45. Rb3 Kc4 46. Rb4+ Kc5 47. Ra4 a5 48. Ra2 Ra6 49. Bd4+ Kd5 50. Ra4 Rc6 51. Ra2 Rc4 52. Kd1 a4 53. Bg7 Bd6 54. Bb2 Kc6 55. Bc1 Kb5 56. Rd2 Bb4 57. Rd8 Rc6 58. Ra8 Ra6 59. Rb8+ Kc4 60. Kc2 a3 61. Rc8+ Bc5 62. Kb1 Ra5 63. Rc6 Kd3 64. Rxg6 Rb5+ 65. Ka2 Kc2 66. Rg5 Rb2+ 67. Ka1 Bb4 68. Rxf5 Bc3 69. Rc5 Rb1+ 0-1

[Event "Belgrade-chT Quality"]
[Site "Belgrade"]
[Date "2021.10.23"]
[Round "3.3"]
[White "Postic, Dragisa"]
[Black "Mustajbasic, Dino"]
[Result "1-0"]
[WhiteElo "2282"]
[BlackElo "2008"]
[PlyCount "79"]
[EventDate "2021.10.16"]
[EventType "team-tourn"]
[EventRounds "11"]
[EventCountry "SRB"]
[SourceTitle "EXT 2023"]
[Source "ChessBase"]
[SourceDate "2022.10.05"]
[SourceVersion "1"]
[SourceVersionDate "2022.10.05"]
[SourceQuality "1"]
[WhiteTeam "Belgrade Polet"]
[BlackTeam "Belgrade Obrenovac"]
[WhiteTeamCountry "SRB"]
[BlackTeamCountry "SRB"]

1. e3 f5 2. f4 Nf6 3. Nf3 e6 4. b3 Be7 5. Bb2 0-0 6. Be2 Nc6 7. 0-0 a6 8. a4 d6 9. Na3 Bd7 10. Qe1 Qe8 11. Nd4 Nxd4 12. exd4 d5 13. c3 Rc8 14. Nc2 Bd6 15. Ba3 Qe7 16. Bf3 Bxa3 17. Nxa3 Qd6 18. Nc2 b5 19. a5 c5 20. dxc5 Qxc5+ 21. Kh1 Qd6 22. Qe3 Ne4 23. Qd4 Qxf4 24. d3 Qd2 25. dxe4 Qxc2 26. exd5 Qxc3 27. Qa7 Qc7 28. Qxa6 Ra8 29. d6 Qa7 30. Qb6 Qxb6 31. axb6 Rab8 32. b7 Bc8 33. bxc8Q Rfxc8 34. d7 Rd8 35. Rfd1 Kf7 36. Ra8 Ke7 37. Rxb8 Rxb8 38. b4 Kd8 39. Bc6 Rb6 40. Rd6 1-0

[Event "Belgrade Vucicevic Memorial"]
[Site "Belgrade"]
[Date "2019.12.22"]
[Round "2"]
[White "Perunovic, Milos"]
[Black "Postic, Dragisa"]
[Result "1-0"]
[WhiteElo "2589"]
[BlackElo "2256"]
[PlyCount "54"]
[EventDate "2019.12.22"]
[EventType "swiss (blitz)"]
[EventRounds "13"]
[EventCountry "SRB"]
[SourceTitle "CBM 194 Extra"]
[Source "ChessBase"]
[SourceDate "2020.03.31"]
[SourceVersion "1"]
[SourceVersionDate "2020.03.31"]
[SourceQuality "1"]

1. d4 Nf6 2. c4 c5 3. d5 b5 4. cxb5 a6 5. b6 d6 6. Nc3 Nbd7 7. a4 Qxb6 8. a5 Qb4 9. Ra4 Qb7 10. e4 g6 11. Bc4 Bg7 12. f4 0-0 13. Nf3 Ne8 14. 0-0 Nc7 15. Qd3 Rb8 16. Ra3 Nb5 17. Rb3 Qc7 18. Bd2 Nd4 19. Rxb8 Qxb8 20. Na4 Nxf3+ 21. Rxf3 Bd4+ 22. Kh1 Nf6 23. h3 e6 24. dxe6 Bxe6 25. Bxe6 fxe6 26. Bc3 Bxc3 27. bxc3 Qb5 1-0